Remaking India one country, one destiny (Record no. 803)

MARC details
000 -LEADER
fixed length control field 00433nam a2200157Ia 4500
008 - FIXED-LENGTH DATA ELEMENTS--GENERAL INFORMATION
fixed length control field 130318s9999 xx 000 0 und d
020 ## - INTERNATIONAL STANDARD BOOK NUMBER
International Standard Book Number 761932739
082 ## - DEWEY DECIMAL CLASSIFICATION NUMBER
Classification number 306.3 MAI/R
100 ## - MAIN ENTRY--PERSONAL NAME
Personal name Maira,Arun
245 ## - TITLE STATEMENT
Title Remaking India one country, one destiny
260 ## - PUBLICATION, DISTRIBUTION, ETC.
Name of publisher, distributor, etc. Response
Place of publication, distribution, etc. New Delhi
Date of publication, distribution, etc. 2004
300 ## - PHYSICAL DESCRIPTION
Extent 240
650 ## - SUBJECT ADDED ENTRY--TOPICAL TERM
Topical term or geographic name entry element INDIA-ECONOMIC POLICY
650 ## - SUBJECT ADDED ENTRY--TOPICAL TERM
Topical term or geographic name entry element INDIA-POLITICS AND GOVERNMENT
650 ## - SUBJECT ADDED ENTRY--TOPICAL TERM
Topical term or geographic name entry element SUSTAINABLE DEVELOPMENT-INDIA
Holdings
Withdrawn status Lost status Damaged status Not for loan Home library Current library Shelving location Date acquired Cost, normal purchase price Total Checkouts Full call number Barcode Date last seen Date last checked out Price effective from Koha item type
        Kerala University of Digital Sciences, Innovation and Technology Knowledge Centre Kerala University of Digital Sciences, Innovation and Technology Knowledge Centre Economics 18/03/2013 467.00 2 306.3 MAI/R 810 08/11/2023 30/05/2023 18/03/2013 Books